书目信息 |
| 题名: |
詹天佑评传
|
|
| 作者: | 经盛鸿 著 | |
| 分册: | 下 | |
| 出版信息: | 南京 南京大学出版社 2011.04 |
|
| 页数: | 266-527页 | |
| 开本: | 23cm | |
| 丛书名: | 中国思想家评传丛书 | |
| 单 册: | ||
| 中图分类: | K826.16 | |
| 科图分类: | ||
| 主题词: | ||
| 电子资源: | ||
| ISBN: | 978-7-305-06024-3 | |
| 000 | 00997nam 2200265 450 | |
| 001 | 012011923312 | |
| 005 | 20111205132148.18 | |
| 010 | @a978-7-305-06024-3@dCNY33.50 | |
| 100 | @a20111205d2011 em y0chiy0120 ea | |
| 101 | 1 | @achi |
| 102 | @aCN@b320000 | |
| 105 | @ac a 001yb | |
| 106 | @ar | |
| 200 | 1 | @a詹天佑评传@AZhan Tian You Ping Chuan@h下@f经盛鸿著@Fjing sheng hong zhu |
| 210 | @a南京@c南京大学出版社@d2011.04 | |
| 215 | @a266-527页@c肖像@d23cm | |
| 225 | 2 | @a中国思想家评传丛书@Azhong guo si xiang jia ping chuan cong shu |
| 320 | @a有书目 (第503-511页) 和索引 | |
| 330 | @a本书系统、生动地介绍了詹天佑曲折而光辉的一生,并第一次从思想史的角度,对詹天佑的爱国思想、科技与管理思想、教育与人才思想、政治与伦理思想等,进行了整理、论述与分析。 | |
| 410 | 0 | @12001 @a中国思想家评传丛书 |
| 600 | 0 | @a詹天佑,@Azhan tian you,@f1861-1919@x评传 |
| 690 | @aK826.16@v4 | |
| 701 | 0 | @a经盛鸿@Ajing sheng hong@4著 |
| 801 | 0 | @aCN@bQSSK@c20111205 |
| 905 | @b795743@dK826.16@eZ055:2@f1 | |
| 詹天佑评传.下/经盛鸿著.-南京:南京大学出版社,2011.04 |
| 266-527页:肖像;23cm.-(中国思想家评传丛书) |
| ISBN 978-7-305-06024-3:CNY33.50 |
| 本书系统、生动地介绍了詹天佑曲折而光辉的一生,并第一次从思想史的角度,对詹天佑的爱国思想、科技与管理思想、教育与人才思想、政治与伦理思想等,进行了整理、论述与分析。 |
| ● |
| 相关链接 |
|
|
|
正题名:詹天佑评传
索取号:K826.16/Z055:2
 
预约/预借
| 序号 | 登录号 | 条形码 | 馆藏地/架位号 | 状态 | 备注 |
| 1 | 795743 | 207957433 | 社科库309/309社科库 55排7列1层/ [索取号:K826.16/Z055:2] | 在馆 |